[Event "SF Brackel 1 - Bahn-SC Wuppertal 1"]
[Site "Oberliga NRW 2021/2022"]
[Date "2021.10.31"]
[Round "1.1"]
[White "Ries, Benjamin"]
[Black "Fiebig, Thomas"]
[Result "1/2-1/2"]
[WhiteElo "2276"]
[BlackElo "2415"]
[PlyCount "62"]
[EventDate "2021.??.??"]
[SourceVersionDate "2020.03.16"]
[WhiteTeam "Bahn-SC Wuppertal 1"]
[BlackTeam "SF Brackel 1"]

1. d4 d5 2. c4 c6 3. Nc3 Nf6 4. Nf3 e6 5. e3 Nbd7 6. Qc2 Bd6 7. Bd3 dxc4 8.
Bxc4 b5 9. Be2 Bb7 10. O-O O-O 11. h3 b4 12. Na4 c5 13. Nxc5 Nxc5 14. dxc5 Qc7
15. Bd2 Qxc5 16. Qxc5 Bxc5 17. a3 bxa3 18. bxa3 Rfc8 19. Rfc1 Ne4 20. Ba5 Be7
21. Rxc8+ Rxc8 22. Rb1 Bd5 23. Ba6 Ra8 24. Bb4 Rb8 25. Rc1 Bxb4 26. axb4 Nd6
27. b5 Bxf3 28. gxf3 g6 29. Rc7 Nxb5 30. Bxb5 Rxb5 31. Rxa7 h5 1/2-1/2

[Event "SF Brackel 1 - Bahn-SC Wuppertal 1"]
[Site "Oberliga NRW 2021/2022"]
[Date "2021.10.31"]
[Round "1.3"]
[White "El Mali, Naufel"]
[Black "Kartsev, Soel"]
[Result "1/2-1/2"]
[WhiteElo "2111"]
[BlackElo "2193"]
[PlyCount "111"]
[EventDate "2021.??.??"]
[SourceVersionDate "2020.03.16"]
[WhiteTeam "Bahn-SC Wuppertal 1"]
[BlackTeam "SF Brackel 1"]

1. d4 Nf6 2. c4 e6 3. Nc3 Bb4 4. e3 O-O 5. Nge2 d5 6. a3 Be7 7. cxd5 Nxd5 8. g3
e5 9. dxe5 Nxc3 10. Qxd8 Bxd8 11. Nxc3 Nc6 12. f4 f6 13. Bc4+ Kh8 14. exf6 Bxf6
15. Bd2 Bf5 16. O-O-O Rad8 17. Rhg1 h5 18. Nd5 b5 19. Ba2 b4 20. Nxb4 Nxb4 21.
Bxb4 c5 22. Bc3 Bxc3 23. bxc3 Rde8 24. Rge1 Rf6 25. Rd5 g6 26. Rxc5 Ra6 27. Bb1
Bxb1 28. Kxb1 Rxa3 29. Kb2 Ra4 30. c4 Rd8 31. Kb3 Ra6 32. Rd5 Rb8+ 33. Rb5 Rd8
34. Kc3 Ra2 35. e4 Rxh2 36. Rg5 Kh7 37. Ra1 Rd7 38. Ra6 Rg7 39. Kd4 h4 40. gxh4
Rxh4 41. Rf6 Rh1 42. Rd5 Rd1+ 43. Ke5 Rc1 44. c5 a5 45. c6 a4 46. Ra5 Re7+ 47.
Kd6 Rxe4 48. Ra7+ Kh6 49. Rf8 Rd1+ 50. Kc5 Kh5 51. c7 Rc1+ 52. Kd6 Rd4+ 53. Ke5
Rdc4 54. Kd6 Rd1+ 55. Ke5 Rdc1 56. Kd6 1/2-1/2

[Event "SF Brackel 1 - Bahn-SC Wuppertal 1"]
[Site "Oberliga NRW 2021/2022"]
[Date "2021.10.31"]
[Round "1.5"]
[White "Patscha, Elias"]
[Black "Steinmetzer, Thomas"]
[Result "0-1"]
[WhiteElo "2014"]
[BlackElo "2202"]
[PlyCount "90"]
[EventDate "2021.??.??"]
[SourceVersionDate "2020.03.16"]
[WhiteTeam "Bahn-SC Wuppertal 1"]
[BlackTeam "SF Brackel 1"]

1. d4 d5 2. c4 e6 3. Nc3 c6 4. cxd5 exd5 5. Bf4 Bd6 6. Bxd6 Qxd6 7. e3 Nf6 8.
Bd3 O-O 9. Nge2 Re8 10. Qc2 Nbd7 11. O-O Ng4 12. Ng3 h5 13. Rfe1 Ndf6 14. Nf1
Be6 15. f3 Nh6 16. Rab1 Re7 17. b4 Rc8 18. Na4 b6 19. a3 Kh8 20. Ng3 g6 21. Qf2
Rd7 22. Qc2 Kg7 23. Rec1 h4 24. Ne2 Nf5 25. Qd2 Re7 26. Nb2 Rce8 27. Re1 Bd7
28. Nd1 Nxe3 29. Nxe3 Rxe3 30. Be4 Rxe2 31. Rxe2 dxe4 32. fxe4 Nxe4 33. Qb2 Qd5
34. h3 Rd8 35. Rd1 Bf5 36. Rc2 Ng3 37. Rc5 bxc5 38. dxc5+ f6 39. Rxd5 Rxd5 40.
b5 Rd1+ 41. Kf2 Rd2+ 42. Qxd2 Ne4+ 43. Ke2 Nxd2 44. b6 axb6 45. cxb6 Bc8 0-1

[Event "SF Brackel 1 - Bahn-SC Wuppertal 1"]
[Site "Oberliga NRW 2021/2022"]
[Date "2021.10.31"]
[Round "1.6"]
[White "Korten, Lando"]
[Black "El Mali, Anas"]
[Result "1-0"]
[WhiteElo "2175"]
[BlackElo "1892"]
[PlyCount "51"]
[EventDate "2021.??.??"]
[SourceVersionDate "2020.03.16"]
[WhiteTeam "SF Brackel 1"]
[BlackTeam "Bahn-SC Wuppertal 1"]

1. d4 d5 2. c4 e6 3. Nc3 f5 4. Bf4 c6 5. e3 Nf6 6. Nf3 Be7 7. Bd3 O-O 8. O-O
Nh5 9. Ne5 g5 10. Bxg5 Bxg5 11. Qxh5 Bd7 12. f4 Bf6 13. g4 dxc4 14. Bxc4 Bxe5
15. fxe5 Kh8 16. gxf5 exf5 17. Rf4 Be8 18. Qh6 Nd7 19. Raf1 Bg6 20. R1f3 Nb6
21. Be6 Qe7 22. Bxf5 Bxf5 23. Rxf5 Rxf5 24. Rxf5 Rg8+ 25. Kf2 Nc4 26. b3 1-0

[Event "SF Brackel 1 - Bahn-SC Wuppertal 1"]
[Site "Oberliga NRW 2021/2022"]
[Date "2021.10.31"]
[Round "1.7"]
[White "Losch, Ingo"]
[Black "Goldschmidt, Christian"]
[Result "1/2-1/2"]
[WhiteElo "1895"]
[BlackElo "2162"]
[PlyCount "59"]
[EventDate "2021.??.??"]
[SourceVersionDate "2020.03.16"]
[WhiteTeam "Bahn-SC Wuppertal 1"]
[BlackTeam "SF Brackel 1"]

1. c4 e6 2. d4 d5 3. Nf3 Nf6 4. Nc3 c5 5. e3 a6 6. cxd5 exd5 7. dxc5 Bxc5 8.
Be2 Nc6 9. O-O O-O 10. b3 Bg4 11. Bb2 Ba7 12. Nd4 Bxe2 13. Ncxe2 Ne4 14. Nf4
Qd7 15. Rc1 Rad8 16. Nxc6 bxc6 17. Qd3 Qb7 18. Qe2 Rfe8 19. Qg4 g6 20. Nd3 Rd6
21. Bd4 Bxd4 22. exd4 Qb6 23. Nc5 Qb4 24. Nxe4 dxe4 25. Rfd1 f5 26. Qe2 Qb5 27.
Qc4+ Kg7 28. g3 Kf6 29. Rc2 Rb8 30. Qc5 1/2-1/2

[Event "SF Brackel 1 - Bahn-SC Wuppertal 1"]
[Site "Oberliga NRW 2021/2022"]
[Date "2021.10.31"]
[Round "1.8"]
[White "Garbuz, Vitaliy"]
[Black "Klasmeier, Mario"]
[Result "1-0"]
[WhiteElo "2106"]
[BlackElo "1870"]
[PlyCount "25"]
[EventDate "2021.??.??"]
[SourceVersionDate "2020.03.16"]
[WhiteTeam "SF Brackel 1"]
[BlackTeam "Bahn-SC Wuppertal 1"]

1. e4 e5 2. Nf3 Nc6 3. Bc4 Bc5 4. b4 Bxb4 5. c3 Ba5 6. d4 exd4 7. Qb3 Qf6 8.
O-O Bxc3 9. Nxc3 dxc3 10. e5 Qg6 11. Ba3 Na5 12. Qb4 Nh6 13. Qe7# 1-0

[Event "SV Erkenschwick 1 - SV Mülheim-Nord 2"]
[Site "Oberliga NRW 2021/2022"]
[Date "2021.10.31"]
[Round "1.1"]
[White "Buckels, Valentin"]
[Black "Jens, Jelmer"]
[Result "1-0"]
[WhiteElo "2433"]
[BlackElo "2404"]
[PlyCount "65"]
[EventDate "2021.??.??"]
[SourceVersionDate "2020.03.16"]
[WhiteTeam "SV Mülheim-Nord 2"]
[BlackTeam "SV Erkenschwick 1"]

1. d4 f5 2. Bg5 g6 3. Nc3 Bg7 4. h4 h6 5. Bf4 Nf6 6. Qd3 d6 7. Qg3 Kf7 8. e4
fxe4 9. Bc4+ e6 10. O-O-O Nh5 11. Qh2 Nc6 12. Be3 Nf6 13. f3 d5 14. Be2 Ne7 15.
g4 exf3 16. Bxf3 h5 17. gxh5 Nxh5 18. Bxh5 Rxh5 19. Nh3 Nf5 20. Bg5 Qd6 21. Nf4
Rh7 22. Qg1 Bd7 23. Nce2 e5 24. Nd3 exd4 25. Rf1 c5 26. h5 Kg8 27. Bf4 Qe7 28.
hxg6 Rxh1 29. Qxh1 Be6 30. Qh7+ Kf8 31. Ng3 Ke8 32. Nxf5 Bxf5 33. Qg8+ 1-0

[Event "SV Erkenschwick 1 - SV Mülheim-Nord 2"]
[Site "Oberliga NRW 2021/2022"]
[Date "2021.10.31"]
[Round "1.2"]
[White "Erwich, Frank"]
[Black "Lenaerts, Lennert"]
[Result "1/2-1/2"]
[WhiteElo "2397"]
[BlackElo "2359"]
[PlyCount "25"]
[EventDate "2021.??.??"]
[SourceVersionDate "2020.03.16"]
[WhiteTeam "SV Erkenschwick 1"]
[BlackTeam "SV Mülheim-Nord 2"]

1. e4 e5 2. Nf3 Nc6 3. Bc4 Bc5 4. d3 Nf6 5. Nc3 h6 6. a3 d6 7. Na4 Bb6 8. h3
Be6 9. Qe2 O-O 10. O-O d5 11. Nxb6 axb6 12. exd5 Bxd5 13. Bxd5 1/2-1/2

[Event "SV Erkenschwick 1 - SV Mülheim-Nord 2"]
[Site "Oberliga NRW 2021/2022"]
[Date "2021.10.31"]
[Round "1.3"]
[White "Hausrath, Daniel"]
[Black "Willemze, Thomas"]
[Result "1-0"]
[WhiteElo "2473"]
[BlackElo "2350"]
[PlyCount "83"]
[EventDate "2021.??.??"]
[SourceVersionDate "2020.03.16"]
[WhiteTeam "SV Mülheim-Nord 2"]
[BlackTeam "SV Erkenschwick 1"]

1. Nf3 d5 2. g3 Nd7 3. d4 Nb6 4. Bg2 Bf5 5. Nbd2 Nf6 6. c4 c6 7. b3 e6 8. O-O
Be7 9. Bb2 O-O 10. Nh4 a5 11. cxd5 cxd5 12. Nxf5 exf5 13. Qc2 Bb4 14. Rad1 g6
15. Qd3 Re8 16. Rc1 Qe7 17. e3 a4 18. Rc2 axb3 19. axb3 Rec8 20. Rfc1 Rxc2 21.
Rxc2 Rc8 22. Nb1 Rxc2 23. Qxc2 Ne4 24. Qd3 Qc7 25. f3 Ng5 26. Nc3 Qe7 27. Kf2
h5 28. Qb5 Bxc3 29. Bxc3 Qc7 30. Qc5 Qc6 31. Bf1 Ne6 32. Qxc6 bxc6 33. Bb4 g5
34. f4 Nd7 35. Be7 f6 36. Bd3 Kf7 37. Ba3 c5 38. Bb5 gxf4 39. Bxd7 fxe3+ 40.
Kxe3 Nxd4 41. Bxc5 Nxb3 42. Bb4 1-0

[Event "SV Erkenschwick 1 - SV Mülheim-Nord 2"]
[Site "Oberliga NRW 2021/2022"]
[Date "2021.10.31"]
[Round "1.4"]
[White "De Vreugt, Dennis"]
[Black "Baltic, Fatih"]
[Result "1/2-1/2"]
[WhiteElo "2326"]
[BlackElo "2236"]
[PlyCount "37"]
[EventDate "2021.??.??"]
[SourceVersionDate "2020.03.16"]
[WhiteTeam "SV Erkenschwick 1"]
[BlackTeam "SV Mülheim-Nord 2"]

1. e4 e6 2. d4 d5 3. Nc3 Nf6 4. Bg5 dxe4 5. Nxe4 Be7 6. Bxf6 gxf6 7. Nc3 c6 8.
Qd2 h5 9. O-O-O b6 10. f4 f5 11. Nf3 Bb7 12. Bc4 Nd7 13. Rhe1 Qc7 14. d5 cxd5
15. Bxd5 O-O-O 16. Nb5 Qc5 17. Bxb7+ Kxb7 18. Nd6+ Bxd6 19. Qxd6 1/2-1/2

[Event "SV Erkenschwick 1 - SV Mülheim-Nord 2"]
[Site "Oberliga NRW 2021/2022"]
[Date "2021.10.31"]
[Round "1.5"]
[White "Hoenig, Alexander"]
[Black "Jonkman, Harmen"]
[Result "0-1"]
[WhiteElo "2168"]
[BlackElo "2383"]
[PlyCount "58"]
[EventDate "2021.??.??"]
[SourceVersionDate "2020.03.16"]
[WhiteTeam "SV Mülheim-Nord 2"]
[BlackTeam "SV Erkenschwick 1"]

1. d4 d5 2. Nf3 Nf6 3. Bf4 c5 4. c3 Qb6 5. Qb3 Nc6 6. Nbd2 c4 7. Qc2 Bg4 8. Ne5
Bh5 9. e4 e6 10. f3 Bg6 11. g4 Nxe5 12. dxe5 Nd7 13. O-O-O Qa5 14. Bxc4 dxc4
15. Nxc4 Qxa2 16. Rxd7 Kxd7 17. Rd1+ Kc7 18. Qd3 Qa1+ 19. Kc2 Qa4+ 20. b3 Qa2+
21. Nb2 Rc8 22. Qb5 Kb8 23. Rd6 Bxd6 24. exd6 Ka8 25. d7 Rcd8 26. Qd3 Qa6 27.
Nc4 Qb5 28. Qd1 Rxd7 29. Qa1 Qa6 0-1

[Event "SV Erkenschwick 1 - SV Mülheim-Nord 2"]
[Site "Oberliga NRW 2021/2022"]
[Date "2021.10.31"]
[Round "1.6"]
[White "Van Beek, Alexander"]
[Black "Bus, Tom"]
[Result "1-0"]
[WhiteElo "2297"]
[BlackElo "2052"]
[PlyCount "103"]
[EventDate "2021.??.??"]
[SourceVersionDate "2020.03.16"]
[WhiteTeam "SV Erkenschwick 1"]
[BlackTeam "SV Mülheim-Nord 2"]

1. e4 c5 2. Nf3 d6 3. Bb5+ Nd7 4. d4 Ngf6 5. O-O cxd4 6. Qxd4 e5 7. Qd3 h6 8.
c4 Be7 9. c5 d5 10. Nxe5 dxe4 11. Qg3 O-O 12. Nxd7 Bxd7 13. Bxd7 Qxd7 14. Bxh6
Nh5 15. Qe5 Bf6 16. Qxh5 Bxb2 17. Nc3 Bxc3 18. Rac1 Bf6 19. Rfd1 Qe7 20. Bf4
Rfe8 21. Rb1 Be5 22. Bxe5 Qxe5 23. Qxe5 Rxe5 24. Rxb7 Rxc5 25. g4 Rg5 26. h3
Ra5 27. Rdd7 Rxa2 28. Rxf7 e3 29. Rxg7+ Kh8 30. fxe3 Rc8 31. Rh7+ Kg8 32. Rbg7+
Kf8 33. Rc7 Rxc7 34. Rxc7 a5 35. Ra7 Kg8 36. g5 Re2 37. Rxa5 Rxe3 38. Kg2 Kg7
39. Ra6 Rc3 40. Rf6 Rb3 41. h4 Ra3 42. Rf3 Ra4 43. Kg3 Kg6 44. Rf6+ Kg7 45. Rf4
Ra1 46. Kg4 Rg1+ 47. Kf5 Rh1 48. Ra4 Rf1+ 49. Kg4 Rg1+ 50. Kh5 Rb1 51. Ra7+ Kg8
52. Kh6 1-0

[Event "SV Erkenschwick 1 - SV Mülheim-Nord 2"]
[Site "Oberliga NRW 2021/2022"]
[Date "2021.10.31"]
[Round "1.7"]
[White "Brockhaus, Bernd"]
[Black "Homs, Guust"]
[Result "0-1"]
[WhiteElo "1954"]
[BlackElo "2130"]
[PlyCount "46"]
[EventDate "2021.??.??"]
[SourceVersionDate "2020.03.16"]
[WhiteTeam "SV Mülheim-Nord 2"]
[BlackTeam "SV Erkenschwick 1"]

1. e4 e5 2. Nf3 Nc6 3. Nc3 Nf6 4. d4 Bb4 5. d5 Ne7 6. Nxe5 Nxe4 7. Qd4 Nxc3 8.
bxc3 Bd6 9. Nc4 O-O 10. Nxd6 cxd6 11. Bd3 Qa5 12. Be4 b6 13. Bf4 Ba6 14. Bxd6
Rfe8 15. Bb4 Qa4 16. Kd1 Rac8 17. Re1 Ng6 18. Bd3 Bxd3 19. Qxd3 Nf4 20. Qd2
Rxe1+ 21. Kxe1 Nxg2+ 22. Kf1 Nh4 23. Re1 Nf3 0-1

[Event "SV Erkenschwick 1 - SV Mülheim-Nord 2"]
[Site "Oberliga NRW 2021/2022"]
[Date "2021.10.31"]
[Round "1.8"]
[White "Eggenstein, Frank"]
[Black "Saltaev, Mihail"]
[Result "0-1"]
[WhiteElo "1956"]
[BlackElo "2450"]
[PlyCount "94"]
[EventDate "2021.??.??"]
[SourceVersionDate "2020.03.16"]
[WhiteTeam "SV Erkenschwick 1"]
[BlackTeam "SV Mülheim-Nord 2"]

1. e4 c6 2. d3 d5 3. Nd2 g6 4. Ngf3 Bg7 5. g3 e5 6. Bg2 Ne7 7. O-O O-O 8. c3
Nd7 9. b4 a5 10. Bb2 Re8 11. a3 b6 12. Re1 Ba6 13. Qc2 Qc7 14. Rac1 Rad8 15.
Bf1 Bb7 16. Qb3 c5 17. Bg2 h6 18. h4 dxe4 19. dxe4 Nf6 20. c4 Nc6 21. bxa5 Nxa5
22. Qc2 Nc6 23. Bc3 Nd4 24. Qb2 Ra8 25. Nh2 Bc6 26. Nhf1 Qa7 27. Ra1 Reb8 28.
Ne3 b5 29. Qc1 Ne8 30. cxb5 Bxb5 31. Bf1 Bxf1 32. Kxf1 Qa6+ 33. Kg2 Qd3 34. Ra2
Nc7 35. Nef1 Nce6 36. Re3 Qa6 37. Qa1 Qa4 38. Qc1 h5 39. Re1 Bh6 40. Ne3 Nb3
41. Qd1 Nxd2 42. Qxd2 Nd4 43. Qd1 Qb3 44. Qa1 Bxe3 45. Rxe3 Nc2 46. Rxc2 Qxc2
47. Re1 f6 0-1

[Event "SF Essen-Katernberg  1 - SV Wattenschei"]
[Site "Oberliga NRW 2021/2022"]
[Date "2021.10.31"]
[Round "1.1"]
[White "Schiffer, Kai-Uwe"]
[Black "Tomic, Bosko"]
[Result "1/2-1/2"]
[WhiteElo "2263"]
[BlackElo "2382"]
[PlyCount "95"]
[EventDate "2021.??.??"]
[SourceVersionDate "2020.03.16"]
[WhiteTeam "SV Wattenscheid 1"]
[BlackTeam "SF Essen-Katernberg  1"]

1. e4 c5 2. c3 Nf6 3. e5 Nd5 4. Nf3 e6 5. Bc4 d6 6. d4 cxd4 7. cxd4 Nc6 8. O-O
Nb6 9. Bd3 Nb4 10. Bg5 Be7 11. Bxe7 Qxe7 12. Nc3 Nxd3 13. Qxd3 O-O 14. Ne4 dxe5
15. dxe5 Bd7 16. Nd4 Rfd8 17. Rfd1 Be8 18. Qg3 Rac8 19. Nd6 Rc7 20. Rac1 h6 21.
f4 Nc8 22. Nxe8 Rxe8 23. f5 Rxc1 24. Rxc1 Qb4 25. Qc3 Qxc3 26. Rxc3 exf5 27.
Rc7 Nb6 28. Rxb7 Rxe5 29. Rxa7 Rd5 30. Nf3 g5 31. a4 g4 32. Nh4 f4 33. a5 Nc4
34. a6 Rd1+ 35. Kf2 Rd2+ 36. Ke1 Rxb2 37. Rc7 Nb6 38. Rb7 Kg7 39. a7 Ra2 40.
Rxb6 Rxa7 41. Nf5+ Kh7 42. Rxh6+ Kg8 43. Rd6 Kh7 44. Rd4 Ra1+ 45. Ke2 Ra2+ 46.
Rd2 Ra5 47. Nd4 Rh5 48. h3 1/2-1/2

[Event "SF Essen-Katernberg  1 - SV Wattenschei"]
[Site "Oberliga NRW 2021/2022"]
[Date "2021.10.31"]
[Round "1.2"]
[White "Kueppers, Timo"]
[Black "Franke, Johannes"]
[Result "1-0"]
[WhiteElo "2287"]
[BlackElo "2260"]
[PlyCount "105"]
[EventDate "2021.??.??"]
[SourceVersionDate "2020.03.16"]
[WhiteTeam "SF Essen-Katernberg  1"]
[BlackTeam "SV Wattenscheid 1"]

1. e4 c6 2. d4 d5 3. Nd2 dxe4 4. Nxe4 Nf6 5. Nxf6+ exf6 6. c3 Bd6 7. Bd3 Qc7 8.
Ne2 Bg4 9. Qc2 Nd7 10. Bxh7 O-O-O 11. Bf5 Bxf5 12. Qxf5 Rde8 13. Be3 g6 14. Qf3
f5 15. O-O-O Rh4 16. g3 Rhe4 17. c4 Qa5 18. Nc3 Rxe3 19. fxe3 Bb4 20. Rd3 Nf6
21. a3 Bxc3 22. Rxc3 Ne4 23. Rc2 Qa4 24. Kb1 Qb3 25. Rd1 Ng5 26. Qf4 Nh3 27.
Qf1 Ng5 28. Rd3 Qa4 29. g4 fxg4 30. Qf4 Qa5 31. d5 Qd8 32. d6 Kd7 33. Qxg4+ f5
34. Qd4 Ne6 35. Qxa7 Qa8 36. Qb6 Qa6 37. Qb4 c5 38. Qc3 Rf8 39. h4 Qc6 40. Rd5
b5 41. Rg2 bxc4 42. Qxc4 Rf6 43. Rg1 f4 44. exf4 Rxf4 45. Qb3 c4 46. Qb5 Rxh4
47. Rxg6 Rh1+ 48. Ka2 Qxb5 49. Rxb5 Rd1 50. Rb7+ Kc6 51. Rb4 Rxd6 52. Rxc4+ Kd5
53. Rc1 1-0

[Event "SF Essen-Katernberg  1 - SV Wattenschei"]
[Site "Oberliga NRW 2021/2022"]
[Date "2021.10.31"]
[Round "1.3"]
[White "Straeter, Timo"]
[Black "Rosen, Bernd"]
[Result "1/2-1/2"]
[WhiteElo "2275"]
[BlackElo "2278"]
[PlyCount "44"]
[EventDate "2021.??.??"]
[SourceVersionDate "2020.03.16"]
[WhiteTeam "SV Wattenscheid 1"]
[BlackTeam "SF Essen-Katernberg  1"]

1. Nf3 c5 2. e3 Nf6 3. b3 g6 4. Bb2 Bg7 5. Be2 O-O 6. O-O b6 7. d4 Bb7 8. c4
Ne4 9. Nbd2 d6 10. Nxe4 Bxe4 11. Qd2 Nd7 12. Rad1 a6 13. Rfe1 Ra7 14. Ng5 Bb7
15. Bf3 Bxf3 16. Nxf3 b5 17. dxc5 Bxb2 18. Qxb2 Nxc5 19. Qd4 Qa8 20. Qh4 Kg7
21. Qd4+ Kg8 22. Qh4 Kg7 1/2-1/2

[Event "SF Essen-Katernberg  1 - SV Wattenschei"]
[Site "Oberliga NRW 2021/2022"]
[Date "2021.10.31"]
[Round "1.4"]
[White "Wessendorf, Thomas"]
[Black "Wengenroth, Walter"]
[Result "0-1"]
[WhiteElo "2242"]
[BlackElo "2224"]
[PlyCount "58"]
[EventDate "2021.??.??"]
[SourceVersionDate "2020.03.16"]
[WhiteTeam "SF Essen-Katernberg  1"]
[BlackTeam "SV Wattenscheid 1"]

1. e4 c5 2. Nf3 e6 3. g3 d5 4. exd5 exd5 5. d4 Nf6 6. Bg2 Be7 7. O-O O-O 8. Nc3
Nc6 9. h3 Be6 10. Be3 Qd7 11. Kh2 Rad8 12. Ne2 b6 13. Nf4 Bf5 14. c3 Bd6 15.
Nd3 Rfe8 16. Re1 Ne4 17. Nfe5 Bxe5 18. Nxe5 Nxe5 19. dxe5 Rxe5 20. f3 Nf6 21.
g4 Rde8 22. Qd2 Qe7 23. Bf2 Bd7 24. Bf1 Bc6 25. Bg3 Re3 26. Bf2 Qd6+ 27. Bg3
Qxg3+ 28. Kxg3 Ne4+ 29. Kf4 Nxd2 0-1

[Event "SF Essen-Katernberg  1 - SV Wattenschei"]
[Site "Oberliga NRW 2021/2022"]
[Date "2021.10.31"]
[Round "1.5"]
[White "Sandkamp, Ralph"]
[Black "Meyer, Armin"]
[Result "1-0"]
[WhiteElo "2190"]
[BlackElo "2250"]
[PlyCount "67"]
[EventDate "2021.??.??"]
[SourceVersionDate "2020.03.16"]
[WhiteTeam "SV Wattenscheid 1"]
[BlackTeam "SF Essen-Katernberg  1"]

1. Nf3 c5 2. g3 Nc6 3. Bg2 g6 4. c4 Bg7 5. Nc3 e5 6. O-O Nge7 7. Ne1 d6 8. Nc2
Be6 9. Ne3 h5 10. d3 Qd7 11. Ned5 h4 12. Re1 Bh3 13. Bh1 hxg3 14. fxg3 O-O 15.
Rb1 Rab8 16. Be3 f5 17. Bf3 Nd4 18. Nxe7+ Qxe7 19. Bd5+ Kh7 20. Qd2 f4 21. gxf4
Qh4 22. Bf2 Qg4+ 23. Kh1 exf4 24. Rg1 Qd7 25. Ne4 Bf5 26. Ng5+ Kh8 27. Qxf4 Be5
28. Qh4+ Kg7 29. Qh7+ Kf6 30. Nf7 Ne6 31. Rxg6+ Bxg6 32. Bh4+ Kf5 33. Be4+ Kf4
34. Qh6+ 1-0

[Event "SF Essen-Katernberg  1 - SV Wattenschei"]
[Site "Oberliga NRW 2021/2022"]
[Date "2021.10.31"]
[Round "1.6"]
[White "Schimnatkowski, Lukas"]
[Black "Thiel, Thomas"]
[Result "1-0"]
[WhiteElo "2208"]
[BlackElo "2223"]
[PlyCount "73"]
[EventDate "2021.??.??"]
[SourceVersionDate "2020.03.16"]
[WhiteTeam "SF Essen-Katernberg  1"]
[BlackTeam "SV Wattenscheid 1"]

1. e4 d5 2. exd5 Qxd5 3. Nc3 Qd6 4. d4 Nf6 5. Nf3 c6 6. Ne5 Nbd7 7. Nc4 Qc7 8.
Qf3 Nb6 9. Bf4 Qd8 10. Be5 Be6 11. Ne3 g6 12. h4 h5 13. Ne4 Bg7 14. Ng5 Bg4 15.
Nxg4 hxg4 16. Qb3 Qd5 17. O-O-O Bh6 18. c4 Qd7 19. Bd3 O-O-O 20. Rhe1 Rhf8 21.
Qa3 a6 22. Qa5 Na8 23. Kb1 Ne8 24. Ne4 Nd6 25. Nc5 Qc7 26. Qa3 Kb8 27. Nb3 f6
28. Bg3 e5 29. dxe5 fxe5 30. Bxe5 Bf4 31. Bxf4 Rxf4 32. Nc5 Nxc4 33. Bxc4 Rxc4
34. b3 Rf4 35. Ne6 Rxd1+ 36. Rxd1 Qe5 37. Nxf4 1-0

[Event "SF Essen-Katernberg  1 - SV Wattenschei"]
[Site "Oberliga NRW 2021/2022"]
[Date "2021.10.31"]
[Round "1.7"]
[White "Hirsch, Stefan"]
[Black "Bee, Marcus"]
[Result "0-1"]
[WhiteElo "2124"]
[BlackElo "2190"]
[PlyCount "50"]
[EventDate "2021.??.??"]
[SourceVersionDate "2020.03.16"]
[WhiteTeam "SV Wattenscheid 1"]
[BlackTeam "SF Essen-Katernberg  1"]

1. c4 d6 2. Nc3 e5 3. Nf3 f5 4. d4 e4 5. Ng5 Be7 6. Nh3 Nf6 7. g3 O-O 8. Nf4 c6
9. h4 Na6 10. e3 Nc7 11. Qb3 Rb8 12. Bd2 Ne6 13. c5 d5 14. Qa4 a6 15. Nxe6 Bxe6
16. Ne2 Nh5 17. Ba5 Qd7 18. Nc3 Bf7 19. Bb6 Nf6 20. Be2 Bh5 21. Bxh5 Nxh5 22.
Qa5 f4 23. gxf4 Qg4 24. Kd2 Qg2 25. Raf1 Ng3 0-1

[Event "SF Essen-Katernberg  1 - SV Wattenschei"]
[Site "Oberliga NRW 2021/2022"]
[Date "2021.10.31"]
[Round "1.8"]
[White "Gruenter, Martin"]
[Black "Peter, Thomas"]
[Result "1/2-1/2"]
[WhiteElo "2155"]
[BlackElo "2128"]
[PlyCount "59"]
[EventDate "2021.??.??"]
[SourceVersionDate "2020.03.16"]
[WhiteTeam "SF Essen-Katernberg  1"]
[BlackTeam "SV Wattenscheid 1"]

1. e4 e6 2. d4 d5 3. Nc3 Bb4 4. exd5 exd5 5. Bd3 Nf6 6. Nge2 Bg4 7. f3 Bh5 8.
O-O Bg6 9. Nf4 O-O 10. Nxg6 hxg6 11. f4 c5 12. dxc5 Bxc3 13. bxc3 Nbd7 14. f5
g5 15. Bxg5 Nxc5 16. Qf3 Rc8 17. Rab1 Re8 18. Rfe1 Rxe1+ 19. Rxe1 Nce4 20. Bxe4
Qb6+ 21. Be3 dxe4 22. Qg3 Qc7 23. Qxc7 Rxc7 24. Bxa7 Rxc3 25. Bd4 Rxc2 26. Bxf6
gxf6 27. Rxe4 Rxa2 28. Rb4 Ra5 29. Rxb7 Rxf5 30. g3 1/2-1/2

[Event "SV Letmathe 1 - Bochumer SV 1"]
[Site "Oberliga NRW 2021/2022"]
[Date "2021.10.31"]
[Round "1.1"]
[White "Zatonskih, Anna"]
[Black "Bosch, Jeroen"]
[Result "1/2-1/2"]
[WhiteElo "2426"]
[BlackElo "2390"]
[PlyCount "33"]
[EventDate "2021.??.??"]
[SourceVersionDate "2020.03.16"]
[WhiteTeam "Bochumer SV 1"]
[BlackTeam "SV Letmathe 1"]

1. d4 Nf6 2. Nf3 d6 3. g3 g6 4. Bg2 Bg7 5. O-O O-O 6. c4 Nbd7 7. Nc3 e5 8. e4
c6 9. Qc2 exd4 10. Nxd4 Re8 11. Rd1 Qe7 12. b3 Nc5 13. f3 Nfd7 14. Bb2 a5 15.
Kh1 h5 16. Rab1 h4 17. g4 1/2-1/2

[Event "SV Letmathe 1 - Bochumer SV 1"]
[Site "Oberliga NRW 2021/2022"]
[Date "2021.10.31"]
[Round "1.2"]
[White "Soukup, Jiri"]
[Black "Illner, Achim"]
[Result "1/2-1/2"]
[WhiteElo "2354"]
[BlackElo "2447"]
[Annotator "daniel"]
[PlyCount "43"]
[EventDate "2021.??.??"]
[SourceVersionDate "2020.03.16"]
[WhiteTeam "SV Letmathe 1"]
[BlackTeam "Bochumer SV 1"]

1. e4 c5 2. Nf3 Nc6 3. d4 cxd4 4. Nxd4 Qb6 5. Nb5 Nf6 6. N1c3 a6 7. Na3 e6 8.
Nc4 Qc7 9. Bd3 d5 10. Nd2 Bd6 11. Nf3 O-O 12. Bg5 dxe4 13. Nxe4 Nxe4 14. Bxe4
f5 15. Bxc6 Qxc6 16. O-O e5 17. Re1 h6 18. Bd2 Qc7 19. Bc3 e4 20. Qd5+ Kh7 $11
21. Rad1 Bc5 22. Be5 1/2-1/2

[Event "SV Letmathe 1 - Bochumer SV 1"]
[Site "Oberliga NRW 2021/2022"]
[Date "2021.10.31"]
[Round "1.3"]
[White "Friedmann, Rafael"]
[Black "Schleining, Zoya"]
[Result "1-0"]
[WhiteElo "2382"]
[BlackElo "2288"]
[PlyCount "105"]
[EventDate "2021.??.??"]
[SourceVersionDate "2020.03.16"]
[WhiteTeam "Bochumer SV 1"]
[BlackTeam "SV Letmathe 1"]

1. Nf3 Nf6 2. g3 g6 3. b3 Bg7 4. Bb2 O-O 5. Bg2 d5 6. c4 c6 7. O-O Bg4 8. d3
Nfd7 9. Qc2 Bxf3 10. Bxf3 e6 11. d4 f5 12. e3 a5 13. Nc3 Na6 14. a3 Rc8 15. Be2
Nc7 16. b4 dxc4 17. bxa5 Nd5 18. Bxc4 Qxa5 19. Qb3 b5 20. Be2 Nc5 21. Qc2 Nxc3
22. Bxc3 Qa4 23. Ra2 Qxc2 24. Rxc2 Na6 25. Rfc1 Ra8 26. Bb2 Nb8 27. Bf3 Rc8 28.
Bxc6 Nxc6 29. Rxc6 Rxc6 30. Rxc6 Bf8 31. Rb6 Ra5 32. Kg2 Kf7 33. Rb7+ Kg8 34.
h3 Bxa3 35. Bxa3 Rxa3 36. Rxb5 Ra7 37. Kf3 Kf7 38. Rb6 h6 39. h4 Rd7 40. g4
fxg4+ 41. Kxg4 Rd5 42. Rc6 Rf5 43. f3 Ra5 44. Rc5 Ra4 45. Kf4 Kf6 46. Ke4 Ra1
47. f4 Rh1 48. Rc6 Rxh4 49. d5 Rh3 50. Rxe6+ Kf7 51. f5 g5 52. d6 Rh1 53. Ke5
1-0

[Event "SV Letmathe 1 - Bochumer SV 1"]
[Site "Oberliga NRW 2021/2022"]
[Date "2021.10.31"]
[Round "1.4"]
[White "Gruermann, Martin"]
[Black "Schneider, Bernd"]
[Result "1/2-1/2"]
[WhiteElo "2201"]
[BlackElo "2265"]
[PlyCount "22"]
[EventDate "2021.??.??"]
[SourceVersionDate "2020.03.16"]
[WhiteTeam "SV Letmathe 1"]
[BlackTeam "Bochumer SV 1"]

1. e4 g6 2. d4 Bg7 3. Nf3 c6 4. c4 d5 5. cxd5 cxd5 6. exd5 Nf6 7. Bc4 O-O 8.
Nc3 Nbd7 9. O-O Nb6 10. Bb3 Nbxd5 11. Re1 b6 1/2-1/2